000 00683nam a22002297a 4500
003 UA-OsUOA
001 58316
007 ta
008 20090204b un ||||| |||| 00| 0 ukr d
100 _aШелегеда Б.
700 _aКасьянова Н.
090 _a330(477)
_bШ42
942 _cSA
040 _aUA-OsUOA
_bukr
_cUA-OsUOA
_dUA-OsUOA
245 _aСтратегія структурних зрушень у процесі розвитку економіки України
300 _aС.42-46
955 _a0
041 _aukr
080 _a330(477)
773 0 _w58314
_tЕкономіст
_dК.
_d2008
_g12
650 7 _a330 Економіка взагалі
_2UDC
999 _c344398
_d344398